Mythologie grecque - Statistiques

Statistiques générales
  • Ce quiz a été pris 579 fois
  • Le résultat moyen est 74 sur 223
Statistiques - réponses
Hint Réponse % Correct
Roi des Dieux, Dieu du ciel et de la foudre zeus
100%
Déesse de la sagesse, de la guerre et de l'artisanat athéna
97%
Dieu des Enfers hadès
97%
Déesse de l'amour et de la beauté aphrodite
96%
Dieu de la mer poséidon
95%
Dieu de la guerre sanglante arès
94%
Dieu du vin, de la fête et du théâtre dionysos
93%
Déesse du mariage et de la fidélité héra
93%
Dieu du voyage, des voleurs, du commerce et messager des Dieux hermès
92%
Déesse de la chasse artémis
91%
Dieu de la lumière, de la guérison et des arts apollon
90%
Dieu du feu et des forgerons héphaïstos
87%
Déesse de la fertilité et de l'agriculture déméter
81%
Reine des Enfers et déesse de la végétation perséphone
79%
Dieu de la nature, protecteur des bergers et des troupeaux pan
78%
Personnification du temps chronos
76%
Roi des Titans et père de 6 dieux olympiens cronos
76%
Déesse du foyer hestia
75%
Déesse primordiale de la Terre gaïa
72%
Dieu de l'amour et du désir éros
70%
Dieu des vents éole
69%
Plus célèbre des trois sœurs, vaincue par Persée méduse
69%
Titanide de la lune séléné
66%
Héros célèbre pour avoir accompli 12 travaux héraclès
65%
Roi d'Ithaque connu pour sa ruse ulysse
65%
Héros presque invincible de la guerre de Troie, chef des Myrmidons achille
64%
Dieu des rêves morphée
64%
Féroce chien à trois têtes gardant la porte des Enfers cerbère
63%
Plus belle femme du monde dont l'enlèvement déclencha la guerre de Troie hélène
63%
Déesse de la victoire niké
63%
Chasseur qui tomba amoureux de son reflet narcisse
62%
Cheval ailé, né du sang de Méduse pégase
62%
Créature mi-cheval et mi-homme centaure
61%
Héros de la quête de la Toison d'Or jason
61%
Héros vainqueur du Minotaure thésée
61%
Titan condamné à porter la voûte céleste pour l'éternité atlas
60%
Dieu du sommeil hypnos
60%
Dieu des Cieux, père des Titans ouranos
60%
Créature mi-homme, mi-taureau minotaure
59%
Roi de Thèbes qui tua son père et épousa sa mère oedipe
59%
Héros vainqueur de Méduse persée
59%
Fils d'un célèbre architecte, mort après avoir volé trop près du soleil icare
58%
Déesse de la nuit nyx
58%
La première femme, trop curieuse, qui ouvrit la boîte qui renfermait tous les maux pandore
58%
Dieu de la médecine asclépios
57%
Auteur de l'enlèvement de Hélène et déclencheur de la guerre de Troie pâris
57%
Créatures mi-femme, mi-oiseau qui attirent les marins avec leurs chants sirènes
57%
Architecte ayant conçut le labyrinthe du Minotaure dédale
56%
Déesse de la vengeance et du châtiment némésis
56%
Prince de Troie, assassiné pendant la guerre de Troie par Achille hector
53%
Titanide de la maternité, mère des dieux jumeaux léto
53%
Fille du roi de Crête, célèbre pour son fil ariane
52%
Passeur des Enfers charon
52%
Monstre mi-lion et mi-chèvre avec une queue de serpent chimère
52%
Déesse de la lune et de la magie hécate
52%
Dieu de la mort naturelle thanatos
52%
Roi de Mycènes et chef des grecs pendant la guerre de Troie agamemnon
51%
Titan du soleil hélios
51%
Dieu du vent du Nord et de l'hiver borée
50%
Épouse d'Ulysse pénélope
50%
Titan de la préméditation et du conseil avisé, donateur du feu divin aux Hommes prométhée
50%
Entité primordiale, la première à être apparue chaos
49%
Magicienne ayant transformé les hommes d'Ulysse en porcs circé
49%
Dieu du vent de l'Ouest et du printemps zéphyr
49%
Fils d'Ulysse télémaque
48%
Déesse de l'arc-en-ciel et messagère des dieux iris
47%
Déesse de la discorde éris
46%
Trois sœurs monstrueuses dont le regard pouvait transformer ceux qui les regardaient en pierre gorgones
46%
Roi de Troie, père d'Hector et de Paris priam
46%
Trois déesses du destin moires
45%
Musicien virtuose et poète orphée
45%
Cyclope qui captura Ulysse et ses hommes polyphème
45%
Titanide de la fertilité et de la maternité, mère des Dieux olympiens rhéa
45%
Centaure mentor de nombreux héros chiron
44%
Roi de Phrygie qui pouvait transformer ce qu'il touchait en or midas
44%
Roi de Sipyle, condamné à se tenir dans un bassin d'eau sans jamais pouvoir boire ni manger tantale
43%
Roi de Crète devenu juge des Enfers après sa mort minos
42%
Créature à tête d'homme et aux jambes de bouc, accompagnateur du Dieu du vin satyre
42%
Ami d'Achille, combattant de la guerre de Troie patrocle
41%
Dieu de la partie la plus sombre des Enfers tartare
41%
Groupe de héros qui navigua sur l'Argo argonautes
40%
Lion dont le corps ne peut être transpercé lion de némée
40%
Chasseur, transformé en constellation, tué par la déesse chasseresse qu'il tenta de séduire orion
40%
Fille de Priam ayant le don de dire l'avenir mais dont les prédictions ne sont jamais crues cassandre
39%
Monstre à sept têtes de serpent dont les têtes repoussent si on les coupe hydre de lerne
39%
Roi de Corinthe, condamné à pousser une pierre jusqu'en haut d'une montagne sisyphe
39%
Talentueuse tisseuse qui défia une déesse arachné
38%
Roi de Sparte durant la guerre de Troie ménélas
38%
Titan des fleuves, de la mer et des océans océan
37%
Déesse de la jeunesse et échansonne des dieux hébé
36%
Monstre marin à 6 têtes, 12 pieds et entourés de chiens scylla
36%
Héros de la guerre de Troie ajax
35%
Reine de Sparte séduite par Zeus transformé en cygne léda
35%
Monstre à queue de poisson, fils de Poséidon triton
34%
Divinité de la mer, père des poissons et des créatures marines pontos
33%
Néréide, épouse de Poséidon amphitrite
32%
Fille incestueuse de Oedipe et de sa mère antigone
32%
Princesse enlevée par Zeus transformé en taureau blanc europe
32%
Titanide de la justice et de la loi, deuxième épouse de Zeus thémis
32%
Néréide, mère d'Achille thétis
32%
Héros au cheval ailé, tueur de la chimère bellérophon
31%
Monstre marin avalant d'immenses quantités d'eau charybde
31%
Les 50 filles de Danaos, condamnées à remplir un grand bol d'eau qui se vide en permanence danaïdes
31%
Dieu des ténèbres érèbe
31%
Fille du roi de Colchis, douée dans les arts de la magie et des potions qui aida Jason à voler la Toison d'Or médée
31%
Son frère jumeau pollux
31%
Titanide d'une rivière des Enfers, personnification de la haine styx
31%
Monstre cracheur de feu, père de plusieurs monstres, vaincu par Zeus typhon
30%
Frère de Hélène, fils de Léda et de Zeus castor
29%
Titan de la pensée après coup et créateur des animaux épiméthée
29%
Déesse de la propreté et de l'hygiène hygie
29%
Titanide de la mémoire et du souvenir, mère des 9 muses mnémosyne
29%
Serpent géant tué par Apollon python
29%
Titan de la lumière hypérion
28%
Titan de la mortalité et de l'Ouest japet
28%
Le vieil homme de la mer, dieu des riches pêches marines nérée
28%
Nymphes marines, filles de Nérée néréides
28%
Princesse d'une grande beauté, amante d'Eros psyché
28%
Dieu du vent de l'Est et de l'automne euros
26%
Mère et épouse de Oedipe jocaste
24%
Dieu du vent du Sud et de l'été notos
24%
Hécatonchire qui a déjoué le complot de Héra contre Zeus briarée
23%
Déesse de la neige, du froid et de la glace chioné
23%
Muse de l'Histoire clio
23%
Monstre mi-serpent, mi-femme, mère de beaucoup de monstres échidna
23%
Roi d'Elis aux écuries très sales augias
22%
Titanide de l'aurore éos
22%
Fille d'Agamemnon sacrifiée à Artémis lors de la guerre de Troie iphigénie
22%
Titanide du bon conseil, de la ruse et de la sagesse, première femme de Zeus métis
22%
Jeune homme très beau, amant de la déesse de l'amour adonis
21%
Dieu de la lumière céleste éther
20%
Prince de Troie, devenu échanson des Dieux ganymède
20%
Dieu des montagnes ouréa
20%
Titanide des rivières, de l'eau et des sources téthys
20%
Chasseuse ayant pris part à la chasse du sanglier de Calydon atalante
19%
Titanide des prairies et des pâturages eurynomé
19%
Déesse de la lumière terrestre héméra
19%
Déesse de la chance tyché
19%
Muse de la poésie épique et de la rhétorique calliope
18%
Titan de l'astronomie crios
18%
Sculpteur qui tombe amoureux de sa statue pygmalion
18%
Déesse de l'inévitable, de la compulsion et de la nécessité ananké
17%
Groupe de déesses personnifiant les saisons heures
17%
Autre hécatonchire cottos
16%
Divinités persécutrices ailées, punissant les crimes commis érinyes
16%
Ancien législateur devenu juge des Enfers après sa mort rhadamanthe
16%
Esprit de la mère, équivalent féminin de Pontos thalassa
16%
Titanide de la vue théia
16%
Sa soeur clytèmnestre
15%
Autre hécatonchire gygès
15%
Roi des Myrmidons et père d'Achille pélée
15%
Muse de la poésie lyrique euterpe
14%
Roi des Lapithes, condamné au Tartare, attaché une roue de feu en train de tourner ixion
14%
Trois sœurs partageant une dent un œil grées
13%
Dieu du destin fatal moros
13%
Deuxième sœur sthéno
13%
Devin aveugle de Thèbes tirésias
13%
Cyclope ayant forgé le casque d'Hadès argès
12%
Géant à trois corps et quatre ailes géryon
12%
Titanide de l'intellect et des prophéties phébé
12%
Chasseur orgueilleux transformé en cerf par Artémis et dévoré par ses chiens actéon
11%
Père d'Enée anchise
11%
Cyclope ayant forgé le trident de Poséidon brontès
11%
Titan de l'intellect et des constellations céos
11%
Roi d'Egine devenu juge des Enfers après sa mort éaque
11%
Géant Thrace ayant lutté contre les dieux encelade
11%
Muse du chant érato
11%
Troisième sœur euryale
11%
Muse de l'astronomie uranie
11%
Pêcheur devenu immortel après avoir mangé une herbe magique glaucos
10%
Muse de la danse terpsichore
10%
Muse du théâtre comique thalia
10%
Dragon à 100 têtes qui gardent les pommes d'or de Héra ladon
9%
Muse des pièces de tragédie melpomène
9%
Accompagnatrices du Dieu du vin ménades
9%
Déesse des îles et de la mer nèsoi
9%
Titan de l'art de la guerre pallas
9%
Titanide des oracles nocturnes et des étoiles filantes astéria
8%
Fondateur de Thèbes cadmus
8%
Trois déesses personnifiant le charme, la grâce et la beauté charites
8%
Fille de Tantale qui se vanta d'avoir plus d'enfants que Léto niobé
8%
Reine des Amazones, tuée par Achille pendant la guerre de Troie penthésilée
8%
Roi des géants de Thrace porphyrion
8%
Père de tous les satyres, tuteur du Dieu du vin silène
8%
Cyclope ayant forgé le foudre de Zeus stéropès
8%
Titan du crépuscule, des étoiles, des planètes et de l'astrologie astréos
7%
Titanide de l'oracle de Dodone dioné
7%
Déesse de l'enfantement ilithyie
7%
Chasseur et tueur du sanglier de Calydon méléagre
7%
Centaure tué par Heraclès, dont le sang est un poison nessus
7%
Muse des hymnes aux Dieux et aux héros polymnie
7%
Aîné des géants de Thrace, tué par Héraclès alcyonée
6%
Messagère des Titans arcé
6%
Titan de la colère violente et de l'action brusque ménétios
6%
Titan de la destruction persès
6%
Filles du titan Atlas, poursuivies par le chasseur Orion et qui devinrent une constellation pléiades
6%
Géant forgé en bronze fabriqué par le Dieu forgeron talos
6%
Titanide du renom, de l'infamie et de la gloire asia
5%
Titanide de la brise et de l'air frais du matin aura
5%
Guerrier géant, né avec une lance et un bouclier, tueur du dragon qui massacrait les Lydiens damasène
5%
Déesse de l'hiver et du gel despoina
5%
Déesse de la paix eiréné
5%
Dieu de l'éternité éon
5%
Satyre écorché vif après avoir défié Apollon lors d'une compétition musicale marsyas
5%
Amant de Séléné ayant reçu un sommeil éternel endymion
4%
Titanide de la maîtrise des mers eurybie
4%
Géant Thrace mangeur d'homme, mi-homme mi-ours agrios
3%
Géants jumeaux ayant tenté de prendre d'assaut les cieux aloades
3%
Géant libyen défiant à mort tous les visiteurs, tué par Héraclès antée
3%
Géant aux 100 yeux argos panoptès
3%
Déesse de la rosée du matin hersé
3%
Titan de l'air et de la traque lélantos
3%
Titan régnant sur la Terre avec Eurynomé ophion
3%
Son frère jumeau orios
3%
Monstre géant à 100 têtes de vipère, tué par Dionysos avec du lierre alpos
2%
Le plus rapide des géants, dont l'os de la cheville a servi de prothèse à Achille damysos
2%
Tribu de géants à six bras combattue par les Argonautes gègenées
2%
Déesse de la pleine lune pandia
2%
Dieu de la procréation phanès
2%
Fille de Tyndare et de Léda, rendue immortelle par Artémis philonoé
2%
Géant tué par Artémis et Apollon après avoir tenté de violer leur mère tityos
2%
Héros de la guerre des sept contre Thèbes amphiaraos
1%
Dieu de la bonne santé églé
1%
Aucun quiz correspondant
Distribution des résultats
% des personnes avec chaque résultat
Percentile par nombre de réponses
Votre historique - résultats
Vous n’avez pas pris ce quiz